The Victoria history of the county of Huntingdon / (Record no. 29514)
[ view plain ]
| 000 -LEADER | |
|---|---|
| fixed length control field | 01968nam a2200361 a 4500 |
| 001 - CONTROL NUMBER | |
| control field | 29514 |
| 003 - CONTROL NUMBER IDENTIFIER | |
| rucl marc code | BD-RjUL |
| 005 - DATE AND TIME OF LATEST TRANSACTION | |
| control field | 20211209051425.0 |
| 008 - FIXED-LENGTH DATA ELEMENTS--GENERAL INFORMATION | |
| fixed length control field | 140403s1926 enkabf b 001 0 eng d |
| 035 ## - SYSTEM CONTROL NUMBER | |
| System control number | (BD-RjUL)29599 |
| 040 ## - CATALOGING SOURCE | |
| Original cataloging agency | DLC |
| Transcribing agency | CLE |
| Modifying agency | EQO |
| -- | BD-RjUL |
| Language of cataloging | eng |
| 041 ## - LANGUAGE CODE | |
| Language code of text/sound track or separate title | eng |
| 082 ## - DEWEY DECIMAL CLASSIFICATION NUMBER | |
| Classification number | 952.5 |
| Author mark and year | VIC V-1 1926 |
| 245 04 - TITLE STATEMENT | |
| Title | The Victoria history of the county of Huntingdon / |
| Statement of responsibility, etc. | edited by William Page; Granville Proby; Herbert E Norris; |
| Number of part/section of a work | VOLUME I |
| 246 3# - VARYING FORM OF TITLE | |
| Title proper/short title | History of Huntingdonshire |
| Title proper/short title | History of the county of Huntindonshire |
| 260 ## - PUBLICATION, DISTRIBUTION, ETC. (IMPRINT) | |
| Place of publication, distribution, etc. | London : |
| Name of publisher, distributor, etc. | St. Catherine Press, |
| Date of publication, distribution, etc. | 1926. |
| 300 ## - PHYSICAL DESCRIPTION | |
| Pagination | xxi, 410 p. : |
| Illustrations | ill, maps ; |
| Size | 32 cm. |
| 490 1# - SERIES STATEMENT | |
| Series statement | Victoria history of the counties of England |
| 500 ## - GENERAL NOTE | |
| General note | Vol. 3 "published for the University of London Institute of Historical Research" |
| 505 0# - FORMATTED CONTENTS NOTE | |
| Formatted contents note | V. 1. Natural history, early man, Romano-British & Anglo-Saxon remains, Domesday survey, ecclesiastical history, religious houses / edited by William Page and Granville Proby assisted by H.E. Norris -- v. 2. Political, social & economic history, schools; Huntingdon borough, Hurstingstone hundred, Toseland hundred / edited by William Page, Granville Proby and S. Inskip Ladds -- v. 3. Leightonstone hundred, Norman Cross hundred, Middle Level of the Fens / edited by William Page, Granville Proby and S. Inskip Ladds -- Index. |
| 650 #0 - SUBJECT ADDED ENTRY--TOPICAL TERM | |
| Topical term or geographic name as entry element | Natural history |
| Geographic subdivision | England |
| -- | Huntingdonshire. |
| 9 (RLIN) | 89953 |
| 651 #0 - SUBJECT ADDED ENTRY--GEOGRAPHIC NAME | |
| Geographic name | Huntingdonshire (England) |
| General subdivision | History. |
| 9 (RLIN) | 89954 |
| Geographic name | Huntingdonshire (England) |
| General subdivision | Antiquities. |
| 9 (RLIN) | 89955 |
| 700 1# - ADDED ENTRY--PERSONAL NAME | |
| Personal name | Page, William, |
| Dates associated with a name | 1861-1934. |
| Personal name | Proby, Granville, |
| Dates associated with a name | 1883-1947. |
| Personal name | Norris, Herbert E. |
| Fuller form of name | (Herbert Ellis), |
| Dates associated with a name | 1859-1931. |
| Personal name | Ladds, S. Inskip |
| Fuller form of name | (Sidney Inskip) |
| 710 2# - ADDED ENTRY--CORPORATE NAME | |
| Corporate name or jurisdiction name as entry element | University of London. |
| Subordinate unit | Institute of Historical Research. |
| 9 (RLIN) | 4277 |
| 830 #0 - SERIES ADDED ENTRY--UNIFORM TITLE | |
| Uniform title | Victoria history of the counties of England. |
| 942 ## - ADDED ENTRY ELEMENTS (KOHA) | |
| Source of classification or shelving scheme | Dewey Decimal Classification |
| Koha item type | Books |
| Lost status | Source of classification or shelving scheme | Damaged status | Not for loan | Collection code | Permanent Location | Current Location | Shelving location | Date acquired | Source of acquisition | Cost, normal purchase price | Total Checkouts | Full call number | Date last seen | Copy number | Koha item type |
|---|---|---|---|---|---|---|---|---|---|---|---|---|---|---|---|
| Dewey Decimal Classification | Added to bundle | Non-fiction | Central Library, University of Rajshahi | Central Library, University of Rajshahi | Reading Room | 28/06/1955 | O. U. P | 47.40 | 952.5 VIC V-1 1926 | 03/04/2014 | C-1 | Books |